Το Σύγχρονο Σχολείο μέσα από το Πρίσμα των Ανθρωπιστικών και Κοινωνικών Επιστημών: Από τη Θεωρία στην Καθημερινή Πρακτική / 1ο Πανελλήνιο Επιστημονικό Συνέδριο: Περιλήψεις Πρακτικών Συνεδρίου (Record no. 3178)
[ view plain ]
| 000 -LEADER | |
|---|---|
| fixed length control field | 02011cam a22002294a 4500 |
| 005 - ΗΜΕΡΟΜΗΝΙΑ ΚΑΙ ΩΡΑ ΤΕΛΕΥΤΑΙΑΣ ΕΝΗΜΕΡΩΣΗΣ | |
| Πεδίο ελέγχου | 20250605164107.0 |
| 008 - FIXED-LENGTH DATA ELEMENTS--GENERAL INFORMATION | |
| Πεδίο ελέγχου σταθερού μήκους | 250528s ||||||||||||||||||||||||d |
| 035 ## - SYSTEM CONTROL NUMBER | |
| System control number | 17778 |
| 020 ## - ISBN | |
| ISBN | 9786188189607 |
| 040 ## - ΠΗΓΗ ΚΑΤΑΛΟΓΟΓΡΑΦΗΣΗΣ | |
| Φορέας πρωτότυπης καταλογογράφησης | MC Athens Campus Library |
| Γλώσσα καταλογογράφησης | Ελληνικά, Μοντέρνα (1453-) |
| Modifying agency | MC Athens Campus Library |
| Κανόνες περιγραφικής καταλογογράφησης | AACR2 |
| 245 1# - ΤΙΤΛΟΣ ΚΑΙ ΔΗΛΩΣΗ ΥΠΕΥΘΥΝΟΤΗΤΑΣ | |
| Τίτλος | Το Σύγχρονο Σχολείο μέσα από το Πρίσμα των Ανθρωπιστικών και Κοινωνικών Επιστημών: Από τη Θεωρία στην Καθημερινή Πρακτική / 1ο Πανελλήνιο Επιστημονικό Συνέδριο: Περιλήψεις Πρακτικών Συνεδρίου |
| 260 ## - PUBLICATION, DISTRIBUTION, ETC. | |
| Name of publisher, distributor, etc. | Ι.Α.Κ.Ε, |
| Date of publication, distribution, etc. | 2015 |
| 300 ## - PHYSICAL DESCRIPTION | |
| Extent | 192 |
| 520 ## - SUMMARY, ETC. | |
| Summary, etc. | Προσκεκλημένοι Ομιλητές, Περιλήψεις Προφορικών Ανακοινώσεων, Δημιουργικότητα και Εκπαίδευση, Δημιουργικότητα και Εφαρμογές Τ.Π.Ε. στην Εκπαίδευση, Διαπολιτισμική Αγωγή, Διαδακτική Μεθοδολογία, Ειδική Αγωγή, Εκπαίδευση Ενηλίκων - Δια Βίου Μάθηση, Εκπαίδευση και Επιμόρφωση Εκπαιδευτικών, Εκπαιδευτική Αξιολόγηση, Εκπαιδευτική Έρευνα, Εκπαιδευτική Πολιτική, Εκπαιδευτική Ψυχολογία, Εφαρμογές Τ.Π.Ε. για την Εκπαίδευση, Ιστορία της Εκπαίδευσης, Καινοτομία στην Εκπαίδευση, Κοινωνιολογία της Εκπαίδευσης, Πολιτισμός και Εκπαίδευση, Εργαστήρια, Αρτημένες Ανακοινώσεις. |
| 700 1# - ΠΡΟΣΘΕΤΗ ΑΝΑΓΡΑΦΗ--ΦΥΣΙΚΟ ΠΡΟΣΩΠΟ | |
| Personal name | Καδιανάκη Μαρία Ι |
| 9 (RLIN) | 4022 |
| 700 1# - ΠΡΟΣΘΕΤΗ ΑΝΑΓΡΑΦΗ--ΦΥΣΙΚΟ ΠΡΟΣΩΠΟ | |
| Personal name | Μαράκη Ελένη Π |
| 9 (RLIN) | 4023 |
| 700 1# - ΠΡΟΣΘΕΤΗ ΑΝΑΓΡΑΦΗ--ΦΥΣΙΚΟ ΠΡΟΣΩΠΟ | |
| Personal name | Μπελαδάκης Εμμανουήλ Δ |
| 9 (RLIN) | 4024 |
| 700 1# - ΠΡΟΣΘΕΤΗ ΑΝΑΓΡΑΦΗ--ΦΥΣΙΚΟ ΠΡΟΣΩΠΟ | |
| Personal name | Πανταζής Σπύρος Χ |
| 9 (RLIN) | 4025 |
| 942 ## - ADDED ENTRY ELEMENTS (KOHA) | |
| Koha item type | Books |
| Τύπος τεκμηρίου | Βιβλιοθήκη | Τρέχουσα τοποθεσία | Barcode | Αριθμός εισαγωγής | Ημερομηνία απόκτησης | Ταξιθετικό σύμβολο | Αριθμός αντιτύπου | Κατάσταση απόσυρσης | Κατάσταση χαμένου | Κατάσταση κατεστραμμένου | Μη δανεισμός | Σύνολο δανεισμών | Ημερομηνία τελευταίας εμφάνισης | Η τιμή ισχύει από |
|---|---|---|---|---|---|---|---|---|---|---|---|---|---|---|
| Books | MC Athens Campus Library | MC Athens Campus Library | 9780000031778 | 7156 | 05/06/2025 | REF 361.6 PAN | 1 | 05/06/2025 | 05/06/2025 |